Marmaray Stations - Statistics

General Stats
  • This quiz has been taken 112 times
  • The average score is 27 of 43
Answer Stats
Order Answer % Correct
43rd Gebze
96%
1st Halkalı
96%
15th Üsküdar
93%
32nd Pendik
88%
16th Ayrılık Çeşmesi
85%
4th Florya
85%
14th Sirkeci
85%
17th Söğütlüçeşme
85%
13th Yenikapı
85%
30th Kartal
81%
26th Maltepe
76%
2nd Mustafa Kemal
76%
38th Tuzla
76%
8th Atakoy
73%
22nd Bostancı
73%
18th Feneryolu
72%
11th Zeytinburnu
70%
9th Bakırkoy
69%
3rd Kucukcekmece
69%
12th Kazlıçeşme
67%
19th Göztepe
66%
25th Süreyya Beach
66%
6th Yesilköy
63%
21st Suadiye
58%
20th Erenköy
57%
31st Yunus
57%
27th Cevizli
54%
42nd Darica
54%
37th İçmeler
52%
28th Atalar
51%
7th Yesilyurt
51%
29th Başak
49%
33rd Kaynarca
49%
23rd Küçükyalı
49%
10th Yenimahalle
49%
24th İdealtepe
48%
40th Fatih
45%
35th Güzelyali
45%
34th Tersane
43%
36th Aydıntepe
42%
39th Çayirova
37%
41st Osmangazi
31%
5th Florya Aquarium
30%
No matching quizzes found
Score Distribution
Percent of People with Each Score
Percentile by Number Answered
Your Score History
You have not taken this quiz